MARC

LEADER 00000nas1a2200000 4500
001 400645
005 20231101065423.0
011 |a 2313-7452 
035 |a (RuTPU)RU\TPU\prd\43208 
035 |a RU\TPU\prd\18347 
090 |a 400645 
100 |a 20060504a19949999k y0rusy50 ca 
101 0 |a rus 
102 |a RU 
110 |a afaz|||0uu0 
200 1 |a Промышленные образцы  |e бюллетень  |f Федеральный институт промышленной собственности (ФИПС, Роспатент) 
210 |a Москва  |c ФИПС  |d 2000-2012 
300 |a С 2008 г. издается на CD-ROM 
305 |a Издается с 1994 г. 
326 |a 12 номеров в год 
469 |0 (RuTPU)RU\TPU\subscr\2981 
610 1 |a промышленные образцы 
610 1 |a патенты 
610 1 |a товарные знаки 
610 1 |a интеллектуальная собственность 
610 1 |a бюллетени 
610 1 |a промышленная собственность 
675 |a 347.773  |v 3 
712 0 2 |a Федеральный институт промышленной собственности (ФИПС, Роспатент)  |2 stltpush  |3 (RuTPU)RU\TPU\col\64 
801 1 |a RU  |b 63413507  |c 20031013  |g PSBO 
801 2 |a RU  |b Прил.: Годовой указатель, 2005  |c 20060316  |g PSBO 
801 2 |a RU  |b 63413507  |c 20151119  |g PSBO 
856 4 0 |u http://www1.fips.ru/wps/wcm/connect/content_ru/ru/ofic_pub/ofic_bul/prom_obr 
942 |c CR 
969 |0 001RU\TPU\subscr\2981